000 00356 a2200169 4500
001 183440
020 _a85-06-03372-1
040 _cMagnum
100 _aPinto, Ziraldo Alves
240 1 0 _aOs dez amigos
_lpor
245 1 0 _aOs dez amigos
300 _a23
362 0 _a2005
440 1 _aMelhoramentos
697 _aLITERATURA INFANTIL
942 _cBK
999 _c183440
_d183440